000 00712nam a2200193 a 4500
008 090325s1998 ||||||||||||||||| || u
020 _a9780804756457
050 _aU 240 Kal
100 _aKaldor, Mary
245 1 0 _aNew & old wars: organized violence in a global era. -- 2nd ed.
_cMary Kaldor
250 _a2nd ed.
260 _aStanford, CA
_bStanford University P
_c1998
300 _axiii, 231p.: ill.
350 _a0.00
650 _aLOW-INTENSITY CONFLICTS (MILITARY SCIENCE)
650 _aWAR
650 _aWORLD POLITICS--1989
995 _D0.00
_FCBU-MAIN LIBRARY (Kitwe)
_H1
_I0.00
_M1
_UAVAILABLE
_WApr 28, 2009
_ZMain Library Open Access Collection
999 _c52167
_d52167